000 00902nam a22002297a 4500
999 _c65674
_d65674
005 20240530110837.0
008 191124s2004 ua a f b 000 0 ara d
017 _a2004/13715
_bمصر. دار الكتب
020 _a9773057666
040 _aEG-CaGPL
_cEG-CaGPL
082 0 4 _221
_a913.031
_bق/م ح
110 0 _aالمجلس الاعلى لللاثار
245 1 0 _aحوليات المجلس الاعلى للاثار /
_cالمجلس الاعلى لللاثار
_nالمجلد الاول 2004
260 _aالقاهرة :
_bالمجلس الاعلى للاثار،
_c2004
300 _a205 ص. :
_bايض . ؛
_c26 سم .
504 _aيشمل على ارجاعات ببليوجرافية
650 0 7 _2qrmak
_aالاثار الفرعونية
650 0 7 _aالاثار اليونانية
_2qrmak
651 _2qrmak
942 _2ddc
_cBK